[Event "Sautron op 14th"]
[Site "Sautron"]
[Date "2014.10.26"]
[Round "5"]
[White "Midy, Robin"]
[Black "Brechet, Michel"]
[Result "1-0"]
[WhiteElo "2002"]
[BlackElo "1513"]
[PlyCount "55"]
[EventDate "2014.10.26"]
[EventType "swiss"]
[EventRounds "9"]
[EventCountry "FRA"]
[SourceTitle "EXT 2016"]
[Source "ChessBase"]
[SourceDate "2015.10.08"]
[SourceVersion "1"]
[SourceVersionDate "2015.10.08"]
[SourceQuality "1"]

1. c4 Nf6 2. Nf3 e6 3. d4 b6 4. g3 Ba6 5. b3 Bb4+ 6. Bd2 Be7 7. Bg2 c6 8. Bc3 0-0 9. 0-0 d5 10. Ne5 Nfd7 11. Nxd7 Nxd7 12. Nd2 Rc8 13. e4 c5 14. dxc5 dxc4 15. Nxc4 Nxc5 16. Qg4 Bf6 17. Rad1 Qe7 18. e5 Bg5 19. f4 Bh6 20. Bb4 Bxc4 21. bxc4 Qc7 22. Rd6 f6 23. Rc6 f5 24. Rxc7 fxg4 25. Rxa7 Rfd8 26. Re7 g6 27. Bxc5 bxc5 28. Rxe6 1-0

[Event "Sautron op 14th"]
[Site "Sautron"]
[Date "2014.10.26"]
[Round "9"]
[White "Midy, Robin"]
[Black "Duboue, Peio"]
[Result "0-1"]
[WhiteElo "2002"]
[BlackElo "2292"]
[PlyCount "72"]
[EventDate "2014.10.26"]
[EventType "swiss"]
[EventRounds "9"]
[EventCountry "FRA"]
[SourceTitle "EXT 2016"]
[Source "ChessBase"]
[SourceDate "2015.10.08"]
[SourceVersion "1"]
[SourceVersionDate "2015.10.08"]
[SourceQuality "1"]

1. c4 e6 2. Nf3 Nf6 3. d4 b6 4. g3 Ba6 5. b3 d5 6. Bg2 dxc4 7. Ne5 Bb4+ 8. Kf1 Bd6 9. Nxc4 Nd5 10. Bb2 c6 11. Nbd2 Be7 12. Ne5 0-0 13. Be4 Bb7 14. Rc1 c5 15. e3 Nd7 16. Nxd7 Qxd7 17. dxc5 Bxc5 18. Qh5 Nxe3+ 19. fxe3 Bxe4 20. Nxe4 Qd3+ 21. Qe2 Qxe4 22. Kf2 Qf5+ 23. Qf3 Qxf3+ 24. Kxf3 Rfd8 25. Rhd1 f6 26. a3 a5 27. a4 e5 28. e4 Kf7 29. Ke2 Ke6 30. g4 h5 31. h3 Rxd1 32. Rxd1 hxg4 33. hxg4 Rh8 34. Bc1 Rh4 35. Kd3 Rxg4 36. Re1 Rg1 0-1